| 000 | 00612nam a22001937a 4500 | ||
|---|---|---|---|
| 005 | 20180420123309.0 | ||
| 010 | _aENG-122649 | ||
| 020 |
_c1495.00 _a9788181523631 |
||
| 035 | _aEN-106181 | ||
| 037 | _bDBAD/PUB | ||
| 082 | _a361.3 | ||
| 100 | _aRama Raju,P.S. | ||
| 245 |
_aSociology for social workers / _cby P.S.Rama Raju |
||
| 260 |
_c2015 _aJaipur _bBook Enclave |
||
| 270 |
_aF-11,S.S.Tower,Dhamani Street,Chaura Rasta, _bJaipur _e302003 _k011-23119000,9414443132 _mbookenclave@yahoo.com |
||
| 300 |
_c22cm(Hb) _a297P. |
||
| 500 | _aIt includes index | ||
| 942 |
_cEN _2ddc _mRAM _h361.3 |
||
| 999 |
_c151619 _d151619 |
||